20,000 leagues under the sea / (Record no. 1137)

MARC details
000 -LEADER
fixed length control field 01376cam a22003615a 4500
005 - DATE AND TIME OF LATEST TRANSACTION
control field 20230803125919.0
020 ## - INTERNATIONAL STANDARD BOOK NUMBER
International Standard Book Number 0766607135
040 ## - CATALOGING SOURCE
Original cataloging agency DVA
Transcribing agency DVA
Modifying agency DLC
-- WaU
-- FISKH
Language of cataloging eng
050 ## - LIBRARY OF CONGRESS CALL NUMBER
Classification number PZ7.G78
082 ## - DEWEY DECIMAL CLASSIFICATION NUMBER
Classification number 843.8
100 1# - MAIN ENTRY--PERSONAL NAME
Personal name Grund, Diane Flynn.
245 10 - TITLE STATEMENT
Title 20,000 leagues under the sea /
Statement of responsibility, etc. by Jules Verne ; adapted by Diane Flynn Grund.
260 ## - PUBLICATION, DISTRIBUTION, ETC.
Place of publication, distribution, etc. New York :
Name of publisher, distributor, etc. Modern Publishing,
Date of publication, distribution, etc. 1994.
300 ## - PHYSICAL DESCRIPTION
Extent 189 pages. :
Other physical details illustrations ;
Dimensions 24 cm.
490 ## - SERIES STATEMENT
Series statement Treasury of Illustrated Classics
505 ## - FORMATTED CONTENTS NOTE
Formatted contents note K
520 ## - SUMMARY, ETC.
Summary, etc. An adaptation of the nineteenth-century science fiction tale of an electric submarine, its eccentric captain, and the undersea world, which anticipated many of the scientific achievements of the twentieth century.
521 ## - TARGET AUDIENCE NOTE
Target audience note 610 <br/>
Source Lexile estimate
521 ## - TARGET AUDIENCE NOTE
Target audience note K <br/>
Source Raz-Plus
650 #0 - SUBJECT ADDED ENTRY--TOPICAL TERM
Topical term or geographic name entry element Submarines (Ships)
Form subdivision Juvenile fiction.
650 #0 - SUBJECT ADDED ENTRY--TOPICAL TERM
Topical term or geographic name entry element Underwater exploration
Form subdivision Juvenile fiction.
650 #1 - SUBJECT ADDED ENTRY--TOPICAL TERM
Topical term or geographic name entry element Sea stories.
650 #1 - SUBJECT ADDED ENTRY--TOPICAL TERM
Topical term or geographic name entry element Submarines (Ships)
Form subdivision Fiction.
650 #1 - SUBJECT ADDED ENTRY--TOPICAL TERM
Topical term or geographic name entry element Science fiction.
655 #7 - INDEX TERM--GENRE/FORM
Genre/form data or focus term Sea stories.
Source of term lcsh
655 #7 - INDEX TERM--GENRE/FORM
Genre/form data or focus term Science fiction.
Source of term gsafd
655 #7 - INDEX TERM--GENRE/FORM
Genre/form data or focus term Children's stories.
Source of term lcsh
700 1# - ADDED ENTRY--PERSONAL NAME
Personal name Verne, Jules,
Dates associated with a name 1828-1905.
Title of a work Vingt mille lieues sous les mers.
906 ## - LOCAL DATA ELEMENT F, LDF (RLIN)
a 0
b ibc
c copycat
d 3
e ncip
f 20
g y-gencatlg
942 ## - ADDED ENTRY ELEMENTS (KOHA)
Source of classification or shelving scheme Dewey Decimal Classification
Koha item type Books
Suppress in OPAC No
999 ## -
-- 1137
-- 1137
Holdings
Withdrawn status Lost status Source of classification or shelving scheme Damaged status Not for loan Collection Home library Current library Shelving location Date acquired Total Checkouts Full call number Barcode Date last seen Copy number Price effective from Koha item type Date due Date last checked out
    Dewey Decimal Classification     Juvenile Fiction Footprints International School Library Network Toul Kork Campus Footprints International School Library Network Toul Kork Campus TK Primary Library Room(4th Floor), Bookcase 3&4, Shelves 17-32, Yellow Books 08/03/2023   VER 843.8 PZ7.G78 2023-0168 08/03/2023 1 08/03/2023 Books    
    Dewey Decimal Classification     Juvenile Fiction Footprints International School Library Network Toul Kork Campus Footprints International School Library Network Toul Kork Campus TK Primary Library Room(4th Floor), Bookcase 3&4, Shelves 17-32, Yellow Books 08/03/2023   VER 843.8 PZ7.G78 2023-0170 08/03/2023 2 08/03/2023 Books    
    Dewey Decimal Classification     Juvenile Fiction Footprints International School Library Network Toul Kork Campus Footprints International School Library Network Toul Kork Campus TK Primary Library Room(4th Floor), Bookcase 3&4, Shelves 17-32, Yellow Books 08/03/2023 2 VER 843.8 PZ7.G78 2023-0169 04/03/2026 3 08/03/2023 Books 04/17/2026 04/03/2026